| Tag |
First Indicator |
Second Indicator |
Subfields |
| LEADER |
00000cam a2200000 a 4500 |
| 001 |
in00000016149 |
| 005 |
20151007052709.0 |
| 008 |
861117s1987 enk b 00110 eng |
| 010 |
|
|
|a 86030973
|
| 020 |
|
|
|a 063115485X :
|c $34.95
|
| 035 |
|
|
|a (OCoLC)14933454
|
| 035 |
|
|
|9 AAA8835AM
|
| 040 |
|
|
|a DLC
|c DLC
|d TXA
|d UtOrBLW
|
| 041 |
1 |
|
|a eng
|h ger
|
| 043 |
|
|
|a e-gr---
|
| 049 |
|
|
|a TXAM
|c [A11485901]
|
| 050 |
0 |
0 |
|a JC79.A8
|b H3413 1987
|
| 082 |
0 |
|
|a 321.4/09495/12
|2 19
|
| 100 |
1 |
|
|a Hansen, Mogens Herman,
|d 1940-
|
| 240 |
1 |
0 |
|a Athenische Volksversammlung im Zeitalter des Demosthenes.
|l English
|
| 245 |
1 |
4 |
|a The Athenian Assembly in the age of Demosthenes /
|c Mogens Herman Hansen.
|
| 264 |
|
1 |
|a Oxford [Oxfordshire] ;
|a New York, NY, USA :
|b B. Blackwell,
|c 1987.
|
| 300 |
|
|
|a viii, 249 pages ;
|c 24 cm.
|
| 336 |
|
|
|a text
|b txt
|2 rdacontent
|
| 337 |
|
|
|a unmediated
|b n
|2 rdamedia
|
| 338 |
|
|
|a volume
|b nc
|2 rdacarrier
|
| 490 |
1 |
|
|a Blackwell's classical studies
|
| 500 |
|
|
|a Translation of: Die athenische Volksversammlung im Zeitalter des Demosthenes.
|
| 504 |
|
|
|a Bibliography: pages [198]-206.
|
| 500 |
|
|
|a Includes indexes.
|
| 610 |
1 |
0 |
|a Athens (Greece).
|b Ekklesia.
|
| 651 |
|
0 |
|a Athens (Greece)
|x Politics and government.
|
| 830 |
|
0 |
|a Blackwell's classical studies.
|
| 999 |
|
|
|a MARS
|
| 999 |
f |
f |
|s 43583966-4445-37ad-a157-abe6ab4f0f88
|i 255f328d-eaff-3259-969f-29b5fb2aa445
|t 0
|
| 952 |
f |
f |
|p ric
|a Texas A&M University
|b Rellis Campus
|c Joint Library Facility
|d Remote Storage
|t 0
|e JC79.A8 H3413 1987
|h Library of Congress classification
|i unmediated -- volume
|m A14811485901
|
| 998 |
f |
f |
|a JC79.A8 H3413 1987
|t 0
|l Remote Storage
|